| 000 | 00691nam a2200193 i 4500 | ||
|---|---|---|---|
| 003 | IT-RoINE | ||
| 005 | 20150114144708.0 | ||
| 008 | 140115s1982 sp |||||r|||| 10| 0 spa d | ||
| 111 | 2 |
_92936 _aConversaciones de Toledo _d(1981. _cEspaña) |
|
| 245 | 1 | 0 |
_aTeresa de Jesús : _bIV centenario : Conversaciones de Toledo, noviembre 1981. |
| 260 |
_aToledo : _bEstudio teológico de San Ildefonso, _c1982. |
||
| 300 |
_a233 p. ; _c22 cm. |
||
| 336 |
_2rdacontent _atext |
||
| 337 |
_2rdamedia _aunmediated |
||
| 338 |
_2rdacarrier _avolume |
||
| 600 | 4 |
_aTeresa de Jesús, _cSanta, _d1515-1582 _vCongresos _92963 |
|
| 710 | 2 |
_92903 _aEstudio Teológico de San Ildefonso (Toledo, España) |
|
| 942 | _cMTS | ||
| 999 |
_c1534 _d1534 |
||